Les plus gros transferts du PSG - Statistiques

Statistiques générales
  • Ce quiz a été pris 4 043 fois
  • Le résultat moyen est 10 sur 20
Statistiques - réponses
Montant du transfert (en millions) Joueur % Correct
180 Kylian Mbappé
100%
222 Neymar
100%
64 Edinson Cavani
82%
42 Thiago Silva
74%
63 Angel Di Maria
70%
42 Javier Pastore
62%
31 Marquinhos
62%
50 Mauro Icardi
53%
30 Ezequiel Lavezzi
48%
49 David Luiz
47%
40 Leandro Paredes
46%
40 Lucas Moura
44%
38 Julian Draxler
43%
32 Idrissa Gueye
34%
37 Thilo Kehrer
26%
30 Gonçalo Guedes
25%
32 Abdou Diallo
19%
27 Grzegorz Krychowiak
18%
25 Yohan Cabaye
18%
34 Nicolas Anelka
12%
Aucun quiz correspondant
Distribution des résultats
% des personnes avec chaque résultat
Percentile par nombre de réponses
Votre historique - résultats
Vous n’avez pas pris ce quiz